书目信息 |
| 题名: |
富兰克林经济论文选集
|
|
| 作者: | 刘学黎 译 | |
| 分册: | ||
| 出版信息: | 北京 商务印书馆 1989.05 |
|
| 页数: | 64页 | |
| 开本: | 32开 | |
| 丛书名: | ||
| 单 册: | ||
| 中图分类: | F03-53 | |
| 科图分类: | ||
| 主题词: | 资本主义社会--生产方式 | |
| 电子资源: | ||
| ISBN: | 7-100-00642-2 | |
| 000 | 00564nam0 2200193 45 | |
| 001 | 0009151900 | |
| 005 | 20000915195437.1 | |
| 010 | @a7-100-00642-2@d4.80元 | |
| 100 | @a20000915d1989 km y0chiy0120 ea | |
| 101 | 0 | @achi |
| 105 | @a z 000yy | |
| 200 | 1 | @a富兰克林经济论文选集@AFu Lan Ke Lin Jing Ji Lun Wen Xuan Ji@f刘学黎 译@FLiu Xue Li Yi |
| 210 | @a北京@c商务印书馆@d1989.05 | |
| 215 | @a64页@d32开 | |
| 606 | 0 | @a资本主义社会@x生产方式 |
| 690 | @aF03-53@v3 | |
| 701 | 0 | @a刘学黎@4译 |
| 801 | @aCN@bPftUser@c20000915 | |
| 905 | @b144620-622@dF03-53@eL464@f3 | |
| 富兰克林经济论文选集/刘学黎 译.-北京:商务印书馆,1989.05 |
| 64页;32开 |
| ISBN 7-100-00642-2:4.80元 |
| ● |
| 相关链接 |
|
|
|
正题名:富兰克林经济论文选集
索取号:F03-53/L464
 
预约/预借
| 序号 | 登录号 | 条形码 | 馆藏地/架位号 | 状态 | 备注 |
| 1 | 144620 | 201446202 | 社科库409/409社科库 63排3列5层/ [索取号:F03-53/L464] | 在馆 | |
| 2 | 144621 | 201446211 | 社科库409/409社科库 63排3列5层/ [索取号:F03-53/L464] | 在馆 | |
| 3 | 144622 | 201446220 | 社科库409/409社科库 63排3列5层/ [索取号:F03-53/L464] | 在馆 | |
| 4 | 145345 | 201453453 | 社科库409/409社科库 63排2列5层/ [索取号:F03-53/L464] | 在馆 | |
| 5 | 145346 | 201453462 | 社科库409/409社科库 63排2列5层/ [索取号:F03-53/L464] | 在馆 | |
| 6 | 145347 | 201453471 | 社科库409/409社科库 63排2列5层/ [索取号:F03-53/L464] | 在馆 |